Energy conservation in buildings and industrial plants /

Bibliographic Details
Main Author: Meckler, Milton
Format: Book
Language:English
Published: New York : McGraw-Hill, [1980]
Subjects:

MARC

Tag First Indicator Second Indicator Subfields
LEADER 00000pam a2200000 i 4500
001 in00000683049
005 20151015161040.0
008 791109c19801981nyua b 00110 eng
010 |a  79025041  
020 |a 0070411956 :  |c $22.50 
035 |a (OCoLC)05751101 
035 |9 ACZ3429AM 
040 |a DLC  |c DLC  |d TXA  |d UtOrBLW 
049 |a TXAM  |c [1406253] 
082 0 |a 333.7 
090 |a TJ163.5.B84  |b M42 1980 
100 1 |a Meckler, Milton. 
245 1 0 |a Energy conservation in buildings and industrial plants /  |c Milton Meckler. 
264 1 |a New York :  |b McGraw-Hill,  |c [1980] 
264 4 |c ©1981 
300 |a x, 270 pages :  |b illustrations ;  |c 24 cm. 
336 |a text  |b txt  |2 rdacontent 
337 |a unmediated  |b n  |2 rdamedia 
338 |a volume  |b nc  |2 rdacarrier 
504 |a Includes bibliographical references and index. 
650 0 |a Buildings  |x Energy conservation. 
650 0 |a Factories  |x Energy conservation. 
999 |a MARS 
999 f f |s 4b90ee34-392a-3990-a3d4-e3e9830b6100  |i 5ceac87a-75b2-39b8-be3b-0e3a8833496d  |t 0 
952 f f |p ric  |a Texas A&M University  |b Rellis Campus  |c Joint Library Facility  |d Remote Storage  |t 0  |e TJ163.5.B84 M42 1980  |h Library of Congress classification  |i unmediated -- volume  |m A14805426517 
998 f f |a TJ163.5.B84 M42 1980  |t 0  |l Remote Storage